000 00223 a2200097 4500
001 7730
100 _aCarslans, H.S
245 _aIntroduction to fouriers series and anlegrals
260 _a
_bDover
_c
090 _c6187
_d6187
942 _aNUST-CAE
_cM
_c32697
999 _c242803
_d242803